Investment opportunities in manufacturing : Brunei Darussalam.
| Format: | Book |
|---|---|
| Published: |
[S.l]:
Ministry of Industry and Primary Resources,
[2006].
|
| Subjects: |
| LEADER | 00508cam a2200145 7i4500 | ||
|---|---|---|---|
| 001 | 0000018991 | ||
| 005 | 20080328090000.0 | ||
| 090 | 0 | 0 | |a BRUN 332.6 |b INV |
| 245 | 0 | 0 | |a Investment opportunities in manufacturing : |b Brunei Darussalam. |
| 260 | 0 | 0 | |a [S.l]: |b Ministry of Industry and Primary Resources, |c [2006]. |
| 300 | # | # | |a 14 p.. |
| 650 | 0 | 0 | |a Investments -- |z Brunei Darussalam |
| 650 | 0 | 0 | |a Manufacturing -- |z Brunei Darussalam |
| 651 | 0 | 0 | |a Brunei Darussalam |
| 999 | |a 0000019103 |b Book |c Countries |e Business Information Centre | ||